000
00337nam a2200169Ia 4500
100
_a
Hickman/Ian
650
_a
Handbook
250
_a
3
942
_c
BK
366
_f
20
654
_a
RF
245
_a
Newnes practical RF Handbook
260
_b
Newnes
_c
2002
082
_a
621.3615
_b
HIC
300
_a
279
546
_a
ENGLISH
_c
TTL
999
_c
18193
_d
18193